Differential prediction of FAA Academy performance on the basis of race and written air traffic control specialist aptitude test scores /

Bibliographic Details
Main Author: Broach, Dana
Corporate Authors: Civil Aeromedical Institute, United States. Office of Aviation Medicine
Other Authors: Farmer, William L., Young, Willie C.
Format: Government Document Microform Book
Language:English
Published: Washington, D.C. : Springfield, Va. : U.S. Dept. of Transportation, Federal Aviation Administration, Office of Aviation Medicine ; Available through the National Technical Information Service, [1999]
Subjects:
Online Access:https://purl.fdlp.gov/GPO/LPS85070

MARC

Tag First Indicator Second Indicator Subfields
LEADER 00000cam a2200000Ia 4500
001 in00000005361
007 he bmb024bbca
008 990902s1999 dcua bbt f000 0 eng d
005 20230331144148.1
035 |a (OCoLC)ocm43721482 
035 |9 AJK2898AM 
035 |a in00000005361 
040 |a EEX  |c EEX  |d OCLCQ  |d GPO  |d MvI  |d UtOrBLW 
043 |a n-us--- 
049 |a UMIC 
049 |a WWW 
074 |a 0431-E-04 (MF) 
074 |a 0431-E-04 (online) 
086 0 |a TD 4.210:99/16 
100 1 |a Broach, Dana. 
245 1 0 |a Differential prediction of FAA Academy performance on the basis of race and written air traffic control specialist aptitude test scores /  |c Dana Broach, William L. Farmer, Willie C. Young. 
264 1 |a Washington, D.C. :  |b U.S. Dept. of Transportation, Federal Aviation Administration, Office of Aviation Medicine ;  |a Springfield, Va. :  |b Available through the National Technical Information Service,  |c [1999] 
300 |a i, 25 pages :  |b illustrations ;  |c 28 cm. 
336 |a text  |b txt  |2 rdacontent 
337 |a microform  |b h  |2 rdamedia 
338 |a microfiche  |b he  |2 rdacarrier 
500 |a Cover title. 
500 |a Shipping list number: 1999-0656-M. 
500 |a Performed by the FAA Civil Aeromedical Institute. 
500 |a "DOT/FAA/AM-99/16." 
500 |a "May 1999." 
500 |a "Final report." 
500 |a Shipping List Date: 07/02/99 
504 |a Includes bibliographical references (pages 22-25.). 
533 |a Microfiche.  |b [Washington, D.C.] :  |c Supt. of Docs., U.S. G.P.O.,  |d 1999.  |e 1 microfiche : negative. 
530 |a Also available via Internet from the FAA web site. Address as of 8/21/07: http://www.faa.gov/library/reports/medical/oamtechreports/1990s/media/AM99-16.pdf; current access is available via PURL. 
500 |a Microform. 
610 2 0 |a Federal Aviation Administration Academy (U.S.) 
650 0 |a Test bias  |z United States. 
650 0 |a Air traffic controllers  |z United States. 
700 1 |a Farmer, William L. 
700 1 |a Young, Willie C. 
710 2 |a Civil Aeromedical Institute. 
710 1 |a United States.  |b Office of Aviation Medicine. 
856 4 1 |u https://purl.fdlp.gov/GPO/LPS85070  |t 0 
999 |a MARS 
999 f f |i 3e19efb0-8f0b-3779-bfb1-fde64b9a52b5  |s 0a2a4819-aa46-309e-827d-d52222d9d7f0  |t 0 
952 f f |p normal  |a Texas A&M University  |b College Station  |c Sterling C. Evans Library  |d Evans: US Documents Microfiche (3rd floor)  |t 0  |e TD 4.210:99/16  |h Superintendent of Documents classification  |i microform -- microfiche  |m A14824327065 
952 f f |a Texas A&M University  |b College Station  |c Electronic Resources  |d Available Online  |t 0  |e TD 4.210:99/16  |h Superintendent of Documents classification 
998 f f |a TD 4.210:99/16  |t 0  |l Evans: US Documents Microfiche (3rd floor) 
998 f f |a TD 4.210:99/16  |t 0  |l Available Online